| 000 | 00444 a2200169 4500 | ||
|---|---|---|---|
| 003 | Nust | ||
| 005 | 20170207153351.0 | ||
| 040 | _cNust | ||
| 082 | _a005.1 | ||
| 100 | _aGhaffar , Ahmar BESE-02 | ||
| 245 |
_aImplementation of E- Mail VIA Phone (Hard / Softcopy) _cAhmar Ghaffar & Muhammad Usman Tahir BESE-02 |
||
| 260 |
_bMCS _cSept,2000 |
||
| 300 | _a181 p | ||
| 538 | _aT4 And Shelf No 2 | ||
| 650 | _aUG Projects | ||
| 651 | _aUG CS Projects | ||
| 942 | _cTHS | ||
| 999 |
_c184596 _d184596 |
||